000 00772nam a2200205 a 4500
008 120416s2000 ||||||||||||||||| || u
020 _a0521659736
050 _aTJ 1185.5 Alt
100 _aAltintas, Yusuf
245 1 0 _aManufacturing automation
246 _ametal cutting machines, machine tool vibrations, and CNC design
260 _aCambridge
_bCambridge University Press
_c2000
300 _axii, 288p. : ill.
350 _a0.00
500 _aBibliography.
650 _aMachining - Automation
650 _aMachine-tools - Vibration
650 _aMachine-tools - Numerical control
995 _D0.00
_FCBU-MAIN LIBRARY (Kitwe)
_H1
_I19.50
_M1
_UAVAILABLE
_WApr 25, 2007
_ZMain Library Open Access Collection
999 _c50312
_d50312